Modelo de investigación cuantitativo y cualitativo para la planeación educativa en México.
Gardado en:
| Autor Principal: | |
|---|---|
| Outros autores: | |
| Formato: | Libro |
| Idioma: | Lingua castelá |
| Temas: | |
| Etiquetas: |
Sen Etiquetas, Sexa o primeiro en etiquetar este rexistro!
|
MARC
| LEADER | 00000cam^a2200000uu^4500 | ||
|---|---|---|---|
| 001 | 000462458 | ||
| 005 | 20250521000000.0 | ||
| 008 | 050901s1988^^^^^^^^^^^^rm^r^^000^0^spa^d | ||
| 009 | 20260310124249.217 | ||
| 035 | |a FCE 000004966 | ||
| 035 | |a FCE 019370 | ||
| 037 | |a Acervo ITESO - Biblioteca | ||
| 041 | |a spa | ||
| 082 | 0 | 4 | |a 371.4042 |b SAUm |
| 100 | |a Saucedo Castañeda, Beatriz H. |e (autor) | ||
| 245 | 1 | 0 | |a Modelo de investigación cuantitativo y cualitativo para la planeación educativa en México. |
| 264 | |a México : |b Beatriz H. Saucedo Castañeda, |c 1988. | ||
| 300 | |a 108 p. | ||
| 336 | |a texto |b txt |2 rdacontenido | ||
| 337 | |a sin mediación |b n |2 rdamedio | ||
| 338 | |a volumen |b nc |2 rdasoporte | ||
| 596 | |a Tesis. (Licenciada en Pedagogía) Universidad Nacional Autónoma de México, Facultad de Filosofía y Letras, Colegio de Pedagogía. | ||
| 649 | |a XX | ||
| 650 | |a Planificación de la educación | ||
| 650 | |a Sistema educativo | ||
| 650 | |a Diagnóstico educativo | ||
| 650 | |a Factor social | ||
| 650 | |a Tesina | ||
| 650 | |a Calidad de la educación | ||
| 650 | |a Investigación educativa | ||
| 650 | |a Modelos educativos | ||
| 700 | |a Sánchez, Alvaro, |e Aseso |e (autor) | ||
| 910 | |a Fondo Centro de Estudios Educativos | ||
| 920 | |a Impresos - Libros | ||
| 930 | |a Fondos Especiales | ||
| 905 | |a 133 | ||
| 901 | |a ALE019370 |b IT2 |c CEE |u 20250521 | ||
| 902 | |a https://opac.biblio.iteso.mx/vufind/Record/000462458 | ||